[Event "Manresa op 31st"]
[Site "Manresa"]
[Date "2014.09.20"]
[Round "1"]
[White "Serralvo Martinez, Joan Antoni"]
[Black "Gabarro Servitja, Adria"]
[Result "1-0"]
[WhiteElo "1908"]
[BlackElo "1700"]
[PlyCount "91"]
[EventDate "2014.09.20"]
[EventType "swiss"]
[EventRounds "8"]
[EventCountry "ESP"]
[SourceTitle "EXT 2016"]
[Source "ChessBase"]
[SourceDate "2015.10.08"]
[SourceVersion "1"]
[SourceVersionDate "2015.10.08"]
[SourceQuality "1"]

1. e4 e5 2. Nf3 Nc6 3. d4 exd4 4. Nxd4 Bc5 5. c3 d5 6. Nxc6 bxc6 7. exd5 Qxd5 8. Qe2+ Qe6 9. Bf4 Qxe2+ 10. Bxe2 Bb6 11. Nd2 Nf6 12. 0-0 0-0 13. Rfe1 Bd7 14. Rad1 Ng4 15. Bg3 Rfe8 16. Nf3 Bf5 17. h3 Nf6 18. Nh4 Bd7 19. Nf3 Rad8 20. Bh4 h6 21. Bxf6 gxf6 22. Bc4 Rxe1+ 23. Rxe1 Re8 24. Rxe8+ Bxe8 25. Kf1 Kf8 26. Nh4 Kg7 27. Nf5+ Kg6 28. Bd3 Kg5 29. h4+ Kh5 30. Ng7+ Kxh4 31. Nxe8 Kg5 32. Bc4 Kg6 33. Bd3+ Kg5 34. Ke2 a5 35. Kf3 Bc5 36. Nxc7 h5 37. Be4 Bb6 38. Na8 Bc5 39. Bxc6 f5 40. Nc7 f4 41. Nd5 h4 42. Nc7 Bb6 43. Nd5 Bc5 44. b4 axb4 45. cxb4 Bb6 46. Nxb6 1-0